EU Law journal

Na minha lista:
Detalhes bibliográficos
Formato: Periódico
Idioma:russo
Publicado em: Bratislava IRIS 2018
Tags: Adicionar Tag
Sem tags, seja o primeiro a adicionar uma tag!

MARC

LEADER 00000nas2a2200000 4500
001 0245559
005 20180619101142.5
022 |a 2453-7098 
041 0 |a rus 
044 |a SK 
245 1 0 |a EU Law journal 
264 1 |a Bratislava  |b IRIS  |c 2018 
773 0 |w eu_un_cat*0211720